Billboard Hot 100 #1 Hits of 1963 - Statistics

General Stats
  • This quiz has been taken 6 times
  • The average score is 41 of 52
Answer Stats
Issue Date #1 Hit Artist % Correct
August 10 Fingertips (Part II) Little Stevie Wonder
100%
August 17 Fingertips (Part II) Little Stevie Wonder
100%
August 24 Fingertips (Part II) Little Stevie Wonder
100%
January 5 Telstar The Tornados
100%
September 21 Blue Velvet Bobby Vinton
80%
September 28 Blue Velvet Bobby Vinton
80%
October 5 Blue Velvet Bobby Vinton
80%
November 16 Deep Purple Nino Tempo & April Stevens
80%
December 7 Dominique The Singing Nun
80%
December 14 Dominique The Singing Nun
80%
December 21 Dominique The Singing Nun
80%
December 28 Dominique The Singing Nun
80%
July 6 Easier Said Than Done The Essex
80%
July 13 Easier Said Than Done The Essex
80%
January 12 Go Away Little Girl Steve Lawrence
80%
January 19 Go Away Little Girl Steve Lawrence
80%
March 30 He's So Fine The Chiffons
80%
April 6 He's So Fine The Chiffons
80%
April 13 He's So Fine The Chiffons
80%
April 20 He's So Fine The Chiffons
80%
February 9 Hey Paula Paul & Paula
80%
February 16 Hey Paula Paul & Paula
80%
February 23 Hey Paula Paul & Paula
80%
June 1 It's My Party Lesley Gore
80%
June 8 It's My Party Lesley Gore
80%
April 27 I Will Follow Him Little Peggy March
80%
May 4 I Will Follow Him Little Peggy March
80%
May 11 I Will Follow Him Little Peggy March
80%
August 31 My Boyfriend's Back The Angels
80%
September 7 My Boyfriend's Back The Angels
80%
September 14 My Boyfriend's Back The Angels
80%
March 23 Our Day Will Come Ruby & the Romantics
80%
October 12 Sugar Shack Jimmy Gilmer and the Fireballs
80%
October 19 Sugar Shack Jimmy Gilmer and the Fireballs
80%
October 26 Sugar Shack Jimmy Gilmer and the Fireballs
80%
November 2 Sugar Shack Jimmy Gilmer and the Fireballs
80%
November 9 Sugar Shack Jimmy Gilmer and the Fireballs
80%
June 15 Sukiyaki Kyu Sakamoto
80%
June 22 Sukiyaki Kyu Sakamoto
80%
June 29 Sukiyaki Kyu Sakamoto
80%
July 20 Surf City Jan and Dean
80%
July 27 Surf City Jan and Dean
80%
January 26 Walk Right In The Rooftop Singers
80%
February 2 Walk Right In The Rooftop Singers
80%
May 18 If You Wanna Be Happy Jimmy Soul
60%
May 25 If You Wanna Be Happy Jimmy Soul
60%
November 23 I'm Leaving It Up To You Dale & Grace
60%
November 30 I'm Leaving It Up To You Dale & Grace
60%
August 3 So Much In Love The Tymes
60%
March 2 Walk Like a Man The Four Seasons
60%
March 9 Walk Like a Man The Four Seasons
60%
March 16 Walk Like a Man The Four Seasons
60%
No matching quizzes found
Score Distribution
Percent of People with Each Score
Percentile by Number Answered
Your Score History
You have not taken this quiz